English Royal Consorts - Statistics

General Stats
  • This quiz has been taken 37,235 times
    16,523 since last reset
  • The average score is 11 of 22
Answer Stats
# Consort % Correct
3 Elizabeth
94%
5 Anne
93%
2 Mary
93%
1 Philip
92%
1 Camilla
89%
5 Catherine
85%
1 Jane
77%
1 Albert
76%
1 Charlotte
50%
2 Margaret
47%
1 George
40%
3 Eleanor
36%
1 Alexandra
35%
3 Isabella
34%
3 Matilda
32%
2 Caroline
29%
1 Joan
26%
1 Henrietta Maria
24%
1 Adelaide
21%
1 Philippa
17%
1 Berengaria
12%
1 Adeliza
9%
No matching quizzes found
Score Distribution
Percent of People with Each Score
Percentile by Number Answered
Your Score History
You have not taken this quiz since the last reset